| 000 | 03560nam0a2200409 4500 | ||
|---|---|---|---|
| 001 | RU\NLR\BIBL_A\022098036 | ||
| 005 | 20240129164340.0 | ||
| 010 |
_a978-5-9929-1362-0 _9500 |
||
| 021 |
_aRU _bКН-П-23-072037 _9КН-П-23-7292 |
||
| 035 | _a(NLR Aleph) 022098036 | ||
| 035 | _a(RuMoRGB)012355492 | ||
| 090 |
_a12737365 _c12737365 |
||
| 100 | _a20231215d2023 k y0rusy50 ca | ||
| 101 | 0 |
_arus _aeng |
|
| 102 | _aRU | ||
| 105 | _aa z 100yy | ||
| 181 | 0 |
_ai _baxxe |
|
| 182 | 0 | _an | |
| 200 | 1 |
_aМенеджмент в современном бизнесе: искусство управления _dManagement in modern business: the art of management _eматериалы XX Международной научно-практической конференции (г. Орёл, 15-16 декабря 2022 г.) _fМинистерство науки и высшего образования Российской Федерации, Белорусский государственный экономический университет (Республика Беларусь), Национальный университет Узбекистана имени Мирзо Улугбека (Республика Узбекистан), Казанский национальный исследовательский технологический университет (Республика Татарстан), Брянский государственный инженерно-технологический университет (Россия), Орловский государственный университет имени И. С. Тургенева (Россия), Институт экономики и управления, Кафедра менеджмента и государственного управления _gредакционная коллегия: ... А. В. Семенихина - канд. экон. наук, доц. (отв. ред.) _zeng |
|
| 203 |
_aТекст _bвизуальный _cнепосредственный |
||
| 210 |
_aОрел _cОГУ имени И. С. Тургенева _d2023 |
||
| 215 |
_a393 с. _cил., табл. _d21 |
||
| 300 | _aТекст рус., англ. | ||
| 320 | _aБиблиогр. в конце ст. | ||
| 510 | 1 |
_aManagement in modern business: the art of management _zeng |
|
| 606 | 1 |
_aМенеджмент _jСъезды, совещания и т.п _2nlr_sh1 _2nlr_sh2 _3RU\NLR\AUTH\66685658 |
|
| 686 | 1 | _aУ21(0)я431 | |
| 702 | 1 |
_aСеменихина _bА. В. _cканд. экон. наук _gАнна Викторовна _3RU\NLR\AUTH\770196996 _4340 |
|
| 711 | 1 | 2 |
_a"Менеджмент в современном бизнесе: искусство управления", международная научно-практическая конференция _d20 _f2022 _eОрёл _3RU\NLR\AUTH\880602067 |
| 712 | 0 | 2 |
_aБрянский государственный инженерно-технологический университет _3RU\NLR\AUTH\880419889 _4570 |
| 712 | 0 | 2 |
_aБелорусский государственный экономический университет _cМинск _3RU\NLR\AUTH\886062 _4570 |
| 712 | 0 | 2 |
_aНациональный университет Республики Узбекистан им. Мирзо Улугбека _cТашкент _3RU\NLR\AUTH\8810068590 _4570 |
| 942 | _cBOOK | ||
| 980 | _aNB | ||